Score 0/16 Timer 02:00
3 Plays Today
Question Answer Wrong Answers
Church Christianity
97.2%
Judaism
0.2%
Hinduism
0.1%
Islam
0.1%
Cross Christianity
96.8%
Judaism
0.4%
Hinduism
0.2%
Islam
0.2%
Hanukkah Judaism
94.3%
Christianity
0.6%
Hinduism
1.8%
Islam
1%
Vatican City Christianity
94.2%
Judaism
1.9%
Hinduism
0.7%
Islam
0.7%
Quran Islam
93.5%
Christianity
0.3%
Judaism
2.1%
Hinduism
1.6%
Synagogue Judaism
93.1%
Christianity
1.2%
Hinduism
1.3%
Islam
1.8%
Vishnu Hinduism
92.9%
Christianity
0.4%
Judaism
1.8%
Islam
2.4%
Mosque Islam
92.6%
Christianity
0.4%
Judaism
2.8%
Hinduism
1.7%
Mecca Islam
91.8%
Christianity
0.5%
Judaism
3.2%
Hinduism
2%
Kosher foods Judaism
91.6%
Christianity
0.8%
Hinduism
2.2%
Islam
2.9%
Seven deadly sins Christianity
91.3%
Judaism
2.6%
Hinduism
1.7%
Islam
1.9%
Ganesha Hinduism
90.3%
Christianity
0.4%
Judaism
3.3%
Islam
3.4%
Dharma Hinduism
90%
Christianity
0.4%
Judaism
2.6%
Islam
4.5%
Diwali Hinduism
87.5%
Christianity
0.4%
Judaism
2.4%
Islam
7.2%
Shabbat Judaism
83.3%
Christianity
0.6%
Hinduism
4.7%
Islam
8.9%
Sunni Islam
82%
Christianity
0.4%
Judaism
2.1%
Hinduism
13%
Remove Ads.
Support Sporcle.
Get the best of Sporcle when you Go Orange. This ad-free experience offers more features, more stats, and more fun while also helping to support Sporcle. Thank you for becoming a member.

You're not logged in!

Compare scores with friends on all Sporcle quizzes.
OR
Log In

Show Comments

Extras

Top Quizzes Today


Score Distribution

Your Account Isn't Verified!

In order to create a playlist on Sporcle, you need to verify the email address you used during registration. Go to your Sporcle Settings to finish the process.

Report this User

Report this user for behavior that violates our Community Guidelines.

Details: